000 00653cam a22002413a 4500
001 10686
003 PGUSA
005 20140828083227.0
008 040101s2004||||xxu|||||s|||||000 1 eng d
040 _aPGUSA
_beng
042 _adc
050 4 _aPT
100 1 _aBang, Herman,
_d1857-1912
245 1 0 _aTine
_h[electronic resource] /
_cHerman Bang
260 _bProject Gutenberg,
_c2004
506 _aPublic domain in the USA.
516 _aElectronic text
653 _aSchleswig-Holstein War, 1864 -- Fiction
653 _aWar stories
830 0 _aProject Gutenberg
_v10686
856 4 0 _uhttp://www.gutenberg.org/ebooks/10686
942 _cEB
999 _c239941
_d239941